| 000 | 00642nam a2200205 i 4500 | ||
|---|---|---|---|
| 001 | 44022 | ||
| 003 | ES-MaACL | ||
| 005 | 20251120063129.0 | ||
| 007 | t| | ||
| 008 | 030320s1891 sp ||||1| spa d | ||
| 080 | _a78(3)(091) | ||
| 100 | 1 |
_aCesari, Pietro, _d1836-1902 _937676 |
|
| 245 | 1 | 0 |
_aHistoria de la música antigua / _cP. Cesari ; traducción y notas por Manuel Walls y Merino. |
| 260 |
_aMadrid : _bLibrería de Fernando Fe, _c1891. |
||
| 300 |
_a93 p. ; _c18 cm. |
||
| 650 | 7 |
_aMúsica- _yHasta S.V _2 _9139782 |
|
| 700 | 1 |
_aWalls y Merino, Manuel. _9115977 |
|
| 852 |
_aES-MaACL _jT-609-F-1 |
||
| 999 |
_c44022 _d44022 |
||